[Event "World Chess Olympiad 2018"]
[Site "Batumi"]
[Date "2018.09.26"]
[Round "3"]
[Board "2"]
[WhiteFideId "1204297"]
[White "Parligras Mircea-Emilian"]
[BlackFideId "14102951"]
[Black "Eljanov Pavel"]
[Result "1/2-1/2"]
[LiveChessVersion "1.4.8"]
[BlackElo "2703"]
[WhiteElo "2623"]

1. d4 {[%clk 1:30:54]} Nf6 {[%clk 1:30:53]} 2. c4 {[%clk 1:31:11]} e6
{[%clk 1:31:16]} 3. Nf3 {[%clk 1:31:31]} b6 {[%clk 1:31:40]} 4. a3
{[%clk 1:31:32]} Bb7 {[%clk 1:31:46]} 5. Nc3 {[%clk 1:31:34]} d5 {[%clk 1:32:09]}
6. Bg5 {[%clk 1:31:42]} Be7 {[%clk 1:32:12]} 7. Qa4+ {[%clk 1:31:45]} c6
{[%clk 1:29:11]} 8. Bxf6 {[%clk 1:31:39]} Bxf6 {[%clk 1:29:38]} 9. cxd5
{[%clk 1:31:49]} exd5 {[%clk 1:30:04]} 10. g3 {[%clk 1:32:00]} O-O
{[%clk 1:30:26]} 11. Bg2 {[%clk 1:32:19]} Re8 {[%clk 1:28:54]} 12. O-O
{[%clk 1:32:38]} Na6 {[%clk 1:22:56]} 13. Rad1 {[%clk 1:32:05]} Nc7
{[%clk 1:22:31]} 14. Rfe1 {[%clk 1:32:05]} g6 {[%clk 1:20:43]} 15. e4
{[%clk 1:29:39]} Bg7 {[%clk 1:20:47]} 16. exd5 {[%clk 1:27:52]} cxd5
{[%clk 1:19:10]} 17. Ne5 {[%clk 1:26:28]} Qd6 {[%clk 1:14:27]} 18. Re3
{[%clk 1:25:38]} a6 {[%clk 1:04:33]} 19. Rde1 {[%clk 1:23:28]} Rad8
{[%clk 0:55:40]} 20. h4 {[%clk 1:14:12]} Re7 {[%clk 0:45:07]} 21. Nf3
{[%clk 0:59:48]} Rde8 {[%clk 0:39:01]} 22. Rxe7 {[%clk 0:56:50]} Rxe7
{[%clk 0:39:27]} 23. Rxe7 {[%clk 0:54:40]} Qxe7 {[%clk 0:39:53]} 24. Qb3
{[%clk 0:49:38]} b5 {[%clk 0:39:57]} 25. Bh3 {[%clk 0:36:11]} Na8
{[%clk 0:30:17]} 26. a4 {[%clk 0:30:25]} b4 {[%clk 0:21:06]} 27. Na2
{[%clk 0:30:50]} a5 {[%clk 0:20:58]} 28. Qe3 {[%clk 0:29:24]} Qxe3
{[%clk 0:12:10]} 29. fxe3 {[%clk 0:29:48]} Nb6 {[%clk 0:10:53]} 30. b3
{[%clk 0:30:01]} h5 {[%clk 0:08:46]} 31. Nc1 {[%clk 0:29:43]} Ba6
{[%clk 0:08:10]} 32. Kf2 {[%clk 0:24:19]} Nc8 {[%clk 0:05:14]} 33. Nd3
{[%clk 0:23:29]} Bxd3 {[%clk 0:03:16]} 34. Bxc8 {[%clk 0:23:53]} Bc2
{[%clk 0:01:41]} 35. Nd2 {[%clk 0:24:12]} Be4 {[%clk 0:01:31]} 36. Bb7
{[%clk 0:21:31]} f5 {[%clk 0:01:57]} 37. Nf3 {[%clk 0:17:56]} Bf6
{[%clk 0:02:06]} 38. Ng1 {[%clk 0:11:52]} Bg7 {[%clk 0:01:28]} 39. Nh3
{[%clk 0:11:19]} Bh6 {[%clk 0:01:53]} 40. Ke2 {[%clk 0:40:58]} Kf7
{[%clk 0:32:02]} 41. Kd2 {[%clk 0:40:30]} Kf6 {[%clk 0:30:44]} 42. Nf4
{[%clk 0:35:37]} Bxf4 {[%clk 0:30:04]} 1/2-1/2

[Event "World Chess Olympiad 2018"]
[Site "Batumi"]
[Date "2018.09.26"]
[Round "3"]
[Board "4"]
[WhiteFideId "1211668"]
[White "Chirila Ioan-Cristian"]
[BlackFideId "14105730"]
[Black "Korobov Anton"]
[Result "0-1"]
[LiveChessVersion "1.4.8"]
[BlackElo "2685"]
[WhiteElo "2576"]

1. Nf3 {[%clk 1:30:50]} d5 {[%clk 1:30:41]} 2. g3 {[%clk 1:31:03]} g6
{[%clk 1:30:59]} 3. Bg2 {[%clk 1:31:07]} Bg7 {[%clk 1:31:22]} 4. O-O
{[%clk 1:30:47]} Nf6 {[%clk 1:31:19]} 5. c4 {[%clk 1:28:48]} c6 {[%clk 1:31:33]}
6. Qa4 {[%clk 1:13:16]} O-O {[%clk 1:29:58]} 7. d4 {[%clk 1:09:48]} a6
{[%clk 1:18:02]} 8. c5 {[%clk 1:01:37]} Nbd7 {[%clk 1:11:04]} 9. Nc3
{[%clk 0:58:42]} Ne4 {[%clk 1:02:00]} 10. Bf4 {[%clk 0:49:59]} e5
{[%clk 0:58:35]} 11. Nxe5 {[%clk 0:31:03]} Nexc5 {[%clk 0:58:43]} 12. Qd1
{[%clk 0:19:21]} Ne6 {[%clk 0:54:34]} 13. Nxd7 {[%clk 0:16:36]} Bxd7
{[%clk 0:52:42]} 14. Be5 {[%clk 0:13:46]} Bxe5 {[%clk 0:51:57]} 15. dxe5
{[%clk 0:12:47]} Qc7 {[%clk 0:50:54]} 16. f4 {[%clk 0:09:18]} Qb6+
{[%clk 0:50:10]} 17. Kh1 {[%clk 0:09:44]} Qxb2 {[%clk 0:50:26]} 18. Qd3
{[%clk 0:08:59]} Qb4 {[%clk 0:47:49]} 19. Rab1 {[%clk 0:08:13]} Qe7
{[%clk 0:47:43]} 20. e4 {[%clk 0:06:24]} Nc5 {[%clk 0:41:53]} 21. Qe3
{[%clk 0:06:21]} dxe4 {[%clk 0:42:06]} 22. Nxe4 {[%clk 0:06:41]} Nxe4
{[%clk 0:42:29]} 23. Bxe4 {[%clk 0:07:01]} Bh3 {[%clk 0:42:03]} 24. Bg2
{[%clk 0:06:36]} Be6 {[%clk 0:38:11]} 25. a4 {[%clk 0:04:26]} Rad8
{[%clk 0:37:37]} 26. h4 {[%clk 0:04:32]} Rd7 {[%clk 0:35:26]} 27. h5
{[%clk 0:04:32]} Rfd8 {[%clk 0:34:48]} 28. Be4 {[%clk 0:04:29]} Rd4
{[%clk 0:34:46]} 29. Kh2 {[%clk 0:04:16]} Rxe4 {[%clk 0:34:41]} 0-1

[Event "World Chess Olympiad 2018"]
[Site "Batumi"]
[Date "2018.09.26"]
[Round "3"]
[Board "1"]
[WhiteFideId "13300474"]
[White "Aronian Levon"]
[BlackFideId "6302718"]
[Black "Yilmaz Mustafa"]
[Result "1/2-1/2"]
[LiveChessVersion "1.4.8"]
[BlackElo "2633"]
[WhiteElo "2780"]

1. c4 {[%clk 1:30:51]} e6 {[%clk 1:30:32]} 2. g3 {[%clk 1:31:15]} d5
{[%clk 1:30:24]} 3. Bg2 {[%clk 1:31:38]} Nf6 {[%clk 1:30:33]} 4. Nf3
{[%clk 1:32:02]} d4 {[%clk 1:30:38]} 5. O-O {[%clk 1:30:56]} c5 {[%clk 1:30:50]}
6. d3 {[%clk 1:23:06]} Nc6 {[%clk 1:30:57]} 7. e3 {[%clk 1:23:09]} Bd6
{[%clk 1:30:43]} 8. a3 {[%clk 1:21:08]} a5 {[%clk 1:28:41]} 9. Nbd2
{[%clk 1:20:45]} O-O {[%clk 1:26:13]} 10. e4 {[%clk 1:20:37]} e5 {[%clk 1:21:05]}
11. h3 {[%clk 1:21:03]} Bd7 {[%clk 1:19:04]} 12. Nh2 {[%clk 1:21:11]} Qc8
{[%clk 1:16:08]} 13. f4 {[%clk 1:21:36]} Bxh3 {[%clk 1:11:49]} 14. f5
{[%clk 1:22:02]} Bxg2 {[%clk 1:12:15]} 15. Kxg2 {[%clk 1:22:28]} Re8
{[%clk 1:06:01]} 16. g4 {[%clk 1:14:29]} h6 {[%clk 1:04:33]} 17. Ndf3
{[%clk 1:13:34]} Kf8 {[%clk 1:03:05]} 18. g5 {[%clk 1:12:50]} hxg5
{[%clk 1:03:11]} 19. Bxg5 {[%clk 1:13:06]} Nb8 {[%clk 0:54:30]} 20. Rh1
{[%clk 0:55:14]} Nbd7 {[%clk 0:53:02]} 21. Ng4 {[%clk 0:48:22]} Ke7
{[%clk 0:45:52]} 22. Qe1 {[%clk 0:48:24]} Rg8 {[%clk 0:40:09]} 23. Qg3
{[%clk 0:46:38]} Qc7 {[%clk 0:38:05]} 24. Rag1 {[%clk 0:34:09]} Rh8
{[%clk 0:28:42]} 25. Rh4 {[%clk 0:31:02]} Qb6 {[%clk 0:26:42]} 26. Rb1
{[%clk 0:21:54]} Qb3 {[%clk 0:23:52]} 27. Nd2 {[%clk 0:19:56]} Qb6
{[%clk 0:23:12]} 28. Kf3 {[%clk 0:16:42]} Rag8 {[%clk 0:21:32]} 29. Qh3
{[%clk 0:16:08]} Qd8 {[%clk 0:20:43]} 30. Rh1 {[%clk 0:16:03]} Rxh4
{[%clk 0:21:07]} 31. Qxh4 {[%clk 0:16:26]} 1/2-1/2

[Event "World Chess Olympiad 2018"]
[Site "Batumi"]
[Date "2018.09.26"]
[Round "3"]
[Board "2"]
[WhiteFideId "916811"]
[White "Solak Dragan"]
[BlackFideId "13300881"]
[Black "Sargissian Gabriel"]
[Result "1/2-1/2"]
[LiveChessVersion "1.4.8"]
[BlackElo "2691"]
[WhiteElo "2609"]

1. e4 {[%clk 1:30:55]} e5 {[%clk 1:30:52]} 2. Nf3 {[%clk 1:31:21]} Nc6
{[%clk 1:31:11]} 3. d4 {[%clk 1:31:46]} exd4 {[%clk 1:31:27]} 4. Nxd4
{[%clk 1:32:12]} Nf6 {[%clk 1:27:59]} 5. Nxc6 {[%clk 1:32:16]} bxc6
{[%clk 1:28:21]} 6. Bd3 {[%clk 1:32:32]} d5 {[%clk 1:26:17]} 7. exd5
{[%clk 1:32:45]} cxd5 {[%clk 1:25:57]} 8. O-O {[%clk 1:33:09]} Be7
{[%clk 1:25:29]} 9. c4 {[%clk 1:33:25]} O-O {[%clk 1:19:08]} 10. cxd5
{[%clk 1:33:26]} Bb7 {[%clk 1:18:06]} 11. Bc4 {[%clk 0:56:16]} Nxd5
{[%clk 1:12:10]} 12. Bxd5 {[%clk 0:50:03]} Qxd5 {[%clk 1:03:53]} 13. Qxd5
{[%clk 0:50:17]} Bxd5 {[%clk 1:04:21]} 14. Nc3 {[%clk 0:48:50]} Be6
{[%clk 1:04:45]} 15. Bf4 {[%clk 0:46:23]} Rfb8 {[%clk 0:57:30]} 16. b3
{[%clk 0:38:19]} Rb4 {[%clk 0:56:33]} 17. Bd2 {[%clk 0:35:24]} c5
{[%clk 0:45:35]} 18. Rac1 {[%clk 0:32:33]} c4 {[%clk 0:41:31]} 19. Ne4
{[%clk 0:29:34]} Rb6 {[%clk 0:37:55]} 20. bxc4 {[%clk 0:26:48]} Rc6
{[%clk 0:37:52]} 21. Be3 {[%clk 0:22:11]} Ba3 {[%clk 0:33:53]} 22. Rc2
{[%clk 0:07:49]} Rxc4 {[%clk 0:33:17]} 23. Rxc4 {[%clk 0:08:13]} Bxc4
{[%clk 0:33:42]} 24. Rd1 {[%clk 0:08:17]} a5 {[%clk 0:29:35]} 25. f3
{[%clk 0:04:46]} a4 {[%clk 0:23:30]} 26. Bc5 {[%clk 0:03:36]} Bb2
{[%clk 0:19:20]} 27. a3 {[%clk 0:03:56]} Bb3 {[%clk 0:18:46]} 28. Rd2
{[%clk 0:03:23]} Bc1 {[%clk 0:18:48]} 29. Rd7 {[%clk 0:03:17]} h6
{[%clk 0:18:39]} 30. Kf2 {[%clk 0:02:31]} Rc8 {[%clk 0:15:31]} 31. g4
{[%clk 0:02:27]} Bc2 {[%clk 0:14:58]} 32. Rd5 {[%clk 0:02:26]} Kh7
{[%clk 0:13:33]} 33. h4 {[%clk 0:02:33]} Rc6 {[%clk 0:12:21]} 34. h5
{[%clk 0:02:32]} Rc7 {[%clk 0:06:50]} 35. Ke2 {[%clk 0:01:35]} Bb3
{[%clk 0:06:40]} 36. Rd8 {[%clk 0:01:54]} Bf4 {[%clk 0:05:47]} 37. Kf2
{[%clk 0:01:03]} Bc1 {[%clk 0:04:10]} 38. Ke2 {[%clk 0:01:23]} Bc4+
{[%clk 0:04:15]} 39. Kf2 {[%clk 0:01:44]} Rb7 {[%clk 0:02:48]} 40. Bd4
{[%clk 0:31:37]} Bb2 {[%clk 0:30:39]} 41. Nc5 {[%clk 0:07:47]} Rc7
{[%clk 0:27:47]} 1/2-1/2

[Event "World Chess Olympiad 2018"]
[Site "Batumi"]
[Date "2018.09.26"]
[Round "3"]
[Board "3"]
[WhiteFideId "13302485"]
[White "Melkumyan Hrant"]
[BlackFideId "6302181"]
[Black "Can Emre"]
[Result "1-0"]
[LiveChessVersion "1.4.8"]
[BlackElo "2588"]
[WhiteElo "2660"]

1. d4 {[%clk 1:30:54]} Nf6 {[%clk 1:30:36]} 2. c4 {[%clk 1:31:18]} e6
{[%clk 1:30:42]} 3. Nf3 {[%clk 1:31:11]} d5 {[%clk 1:30:44]} 4. Nc3
{[%clk 1:31:25]} Bb4 {[%clk 1:30:21]} 5. Bg5 {[%clk 1:31:25]} h6 {[%clk 1:28:41]}
6. Bxf6 {[%clk 1:31:18]} Qxf6 {[%clk 1:29:07]} 7. Qb3 {[%clk 1:31:25]} c5
{[%clk 1:28:22]} 8. cxd5 {[%clk 1:31:11]} exd5 {[%clk 1:28:23]} 9. dxc5
{[%clk 1:30:53]} Bxc3+ {[%clk 1:27:20]} 10. Qxc3 {[%clk 1:31:15]} Qxc3+
{[%clk 1:27:27]} 11. bxc3 {[%clk 1:31:37]} Na6 {[%clk 1:26:50]} 12. O-O-O
{[%clk 1:17:43]} Be6 {[%clk 1:07:17]} 13. e4 {[%clk 1:15:28]} dxe4
{[%clk 1:04:49]} 14. Bxa6 {[%clk 1:13:46]} bxa6 {[%clk 1:05:06]} 15. Nd4
{[%clk 1:12:32]} Rc8 {[%clk 0:58:30]} 16. c6 {[%clk 1:08:58]} Bxa2
{[%clk 0:51:03]} 17. Rhe1 {[%clk 1:03:11]} O-O {[%clk 0:50:50]} 18. Nf5
{[%clk 0:57:45]} Kh7 {[%clk 0:49:07]} 19. Rd6 {[%clk 0:54:57]} Rfe8
{[%clk 0:47:58]} 20. Nd4 {[%clk 0:52:46]} Rc7 {[%clk 0:32:47]} 21. Kd2
{[%clk 0:47:40]} Re5 {[%clk 0:26:53]} 22. Ra1 {[%clk 0:37:32]} Bc4
{[%clk 0:25:50]} 23. Rb1 {[%clk 0:24:19]} Bb5 {[%clk 0:25:50]} 24. c4
{[%clk 0:20:35]} Bxc4 {[%clk 0:26:11]} 25. Rb7 {[%clk 0:20:44]} Rc8
{[%clk 0:26:35]} 26. Rxa7 {[%clk 0:15:10]} Rc5 {[%clk 0:24:40]} 27. Ke3
{[%clk 0:13:04]} Rb8 {[%clk 0:19:06]} 28. c7 {[%clk 0:11:36]} Rc8
{[%clk 0:16:52]} 29. Rc6 {[%clk 0:11:37]} Rxc6 {[%clk 0:16:41]} 30. Nxc6
{[%clk 0:12:02]} Be6 {[%clk 0:15:37]} 31. Kxe4 {[%clk 0:11:11]} Re8
{[%clk 0:14:55]} 32. Kd4 {[%clk 0:10:45]} Kg6 {[%clk 0:12:02]} 33. Rxa6
{[%clk 0:10:25]} 1-0

[Event "World Chess Olympiad 2018"]
[Site "Batumi"]
[Date "2018.09.26"]
[Round "3"]
[Board "4"]
[WhiteFideId "6300014"]
[White "Dastan Muhammed Batuhan"]
[BlackFideId "13306553"]
[Black "Martirosyan Haik M."]
[Result "1/2-1/2"]
[LiveChessVersion "1.4.8"]
[BlackElo "2597"]
[WhiteElo "2569"]

1. e4 {[%clk 1:30:54]} e5 {[%clk 1:30:45]} 2. Nf3 {[%clk 1:31:15]} Nc6
{[%clk 1:31:07]} 3. Bc4 {[%clk 1:31:29]} Bc5 {[%clk 1:31:26]} 4. c3
{[%clk 1:31:05]} Nf6 {[%clk 1:31:39]} 5. d3 {[%clk 1:31:28]} O-O {[%clk 1:30:06]}
6. Nbd2 {[%clk 1:31:31]} d5 {[%clk 1:26:49]} 7. exd5 {[%clk 1:31:34]} Nxd5
{[%clk 1:27:08]} 8. Ne4 {[%clk 1:31:40]} Be7 {[%clk 1:26:37]} 9. O-O
{[%clk 1:29:23]} Nb6 {[%clk 1:19:09]} 10. Bb3 {[%clk 1:24:04]} Bg4
{[%clk 1:14:23]} 11. h3 {[%clk 1:19:34]} Bh5 {[%clk 1:13:49]} 12. Re1
{[%clk 1:19:15]} Kh8 {[%clk 0:58:04]} 13. Ng3 {[%clk 1:01:09]} Bxf3
{[%clk 0:57:11]} 14. Qxf3 {[%clk 1:01:27]} f5 {[%clk 0:57:35]} 15. Bc2
{[%clk 0:54:13]} a5 {[%clk 0:52:11]} 16. Nf1 {[%clk 0:45:48]} Bg5
{[%clk 0:50:11]} 17. Qh5 {[%clk 0:20:58]} Bxc1 {[%clk 0:48:38]} 18. Raxc1
{[%clk 0:21:23]} Qf6 {[%clk 0:42:17]} 19. Nh2 {[%clk 0:21:36]} g6
{[%clk 0:32:18]} 20. Qh6 {[%clk 0:20:58]} Nd8 {[%clk 0:23:34]} 21. Qe3
{[%clk 0:13:38]} Nf7 {[%clk 0:22:53]} 22. Bb3 {[%clk 0:13:41]} Nd7
{[%clk 0:22:59]} 23. f4 {[%clk 0:12:10]} exf4 {[%clk 0:21:42]} 24. Qxf4
{[%clk 0:11:46]} Nfe5 {[%clk 0:20:57]} 25. d4 {[%clk 0:09:42]} Nd3
{[%clk 0:20:31]} 26. Qxc7 {[%clk 0:10:03]} Nxc1 {[%clk 0:19:01]} 27. Rxc1
{[%clk 0:08:48]} Qc6 {[%clk 0:18:32]} 28. Qxc6 {[%clk 0:08:06]} bxc6
{[%clk 0:19:00]} 29. Ba4 {[%clk 0:08:28]} Rac8 {[%clk 0:17:22]} 30. d5
{[%clk 0:08:40]} Nb8 {[%clk 0:15:13]} 31. dxc6 {[%clk 0:09:04]} Nxc6
{[%clk 0:15:18]} 32. Re1 {[%clk 0:09:28]} Kg7 {[%clk 0:15:00]} 33. Nf3
{[%clk 0:08:57]} Kf6 {[%clk 0:15:14]} 34. Kf2 {[%clk 0:06:32]} Rfd8
{[%clk 0:13:28]} 35. g4 {[%clk 0:06:17]} h6 {[%clk 0:12:26]} 36. gxf5
{[%clk 0:04:40]} gxf5 {[%clk 0:12:39]} 37. Re3 {[%clk 0:03:57]} Rd6
{[%clk 0:11:06]} 38. Bxc6 {[%clk 0:02:56]} Rcxc6 {[%clk 0:10:53]} 39. Nd4
{[%clk 0:03:16]} Rc8 {[%clk 0:08:59]} 40. Rf3 {[%clk 0:32:36]} Rd5
{[%clk 0:35:11]} 41. b3 {[%clk 0:23:58]} Re8 {[%clk 0:29:55]} 42. a3
{[%clk 0:23:53]} Re4 {[%clk 0:27:20]} 43. b4 {[%clk 0:23:11]} axb4
{[%clk 0:27:11]} 44. axb4 {[%clk 0:23:36]} Rde5 {[%clk 0:24:14]} 45. b5
{[%clk 0:20:40]} Rc5 {[%clk 0:19:38]} 46. Rg3 {[%clk 0:15:39]} Re8
{[%clk 0:16:58]} 47. h4 {[%clk 0:13:46]} Rec8 {[%clk 0:13:54]} 48. Rf3
{[%clk 0:06:31]} Rxc3 {[%clk 0:13:12]} 49. Rxf5+ {[%clk 0:06:55]} Ke7
{[%clk 0:11:21]} 50. Nc6+ {[%clk 0:04:40]} R8xc6 {[%clk 0:09:55]} 51. bxc6
{[%clk 0:05:01]} Rxc6 {[%clk 0:10:20]} 52. Kf3 {[%clk 0:05:15]} Rf6
{[%clk 0:10:39]} 53. Rxf6 {[%clk 0:05:40]} Kxf6 {[%clk 0:11:03]} 1/2-1/2

[Event "World Chess Olympiad 2018"]
[Site "Batumi"]
[Date "2018.09.26"]
[Round "3"]
[Board "3"]
[WhiteFideId "12521213"]
[White "Tabatabaei M.amin"]
[BlackFideId "13500139"]
[Black "Aleksandrov Aleksej"]
[Result "1-0"]
[LiveChessVersion "1.4.8"]
[BlackElo "2602"]
[WhiteElo "2576"]

1. e4 {[%clk 1:30:56]} e5 {[%clk 1:30:55]} 2. Nf3 {[%clk 1:31:16]} Nc6
{[%clk 1:31:21]} 3. Bc4 {[%clk 1:31:36]} Bc5 {[%clk 1:31:42]} 4. O-O
{[%clk 1:31:53]} Nf6 {[%clk 1:32:03]} 5. d3 {[%clk 1:32:17]} d6 {[%clk 1:30:07]}
6. c3 {[%clk 1:32:34]} h6 {[%clk 1:29:33]} 7. Re1 {[%clk 1:32:49]} O-O
{[%clk 1:29:41]} 8. Nbd2 {[%clk 1:33:09]} a5 {[%clk 1:20:32]} 9. Nf1
{[%clk 1:33:21]} Be6 {[%clk 1:16:11]} 10. Bb5 {[%clk 1:32:20]} Bb6
{[%clk 1:05:26]} 11. Ng3 {[%clk 1:27:00]} Ne7 {[%clk 1:00:52]} 12. d4
{[%clk 1:27:13]} c6 {[%clk 1:00:57]} 13. Bd3 {[%clk 1:26:03]} Ng6
{[%clk 0:53:42]} 14. h3 {[%clk 1:25:15]} Bc7 {[%clk 0:51:08]} 15. Be3
{[%clk 1:09:55]} a4 {[%clk 0:34:43]} 16. Qc2 {[%clk 0:49:01]} Nd7
{[%clk 0:20:37]} 17. c4 {[%clk 0:43:41]} Nh4 {[%clk 0:15:18]} 18. Nxh4
{[%clk 0:26:56]} exd4 {[%clk 0:15:43]} 19. Bxd4 {[%clk 0:27:21]} Qxh4
{[%clk 0:16:04]} 20. Rad1 {[%clk 0:27:36]} Ne5 {[%clk 0:06:29]} 21. Bf1
{[%clk 0:27:33]} Ba5 {[%clk 0:06:39]} 22. Bc3 {[%clk 0:25:47]} Bxc3
{[%clk 0:02:40]} 23. Qxc3 {[%clk 0:26:09]} Rfd8 {[%clk 0:02:53]} 24. c5
{[%clk 0:25:54]} Bxa2 {[%clk 0:01:06]} 25. cxd6 {[%clk 0:24:31]} f6
{[%clk 0:00:40]} 26. Nf5 {[%clk 0:23:51]} Qf4 {[%clk 0:00:55]} 27. Re3
{[%clk 0:21:10]} Ng6 {[%clk 0:00:34]} 28. Bc4+ {[%clk 0:20:23]} Bxc4
{[%clk 0:00:59]} 29. Qxc4+ {[%clk 0:20:50]} Kf8 {[%clk 0:01:25]} 30. Rg3
{[%clk 0:20:09]} Ne5 {[%clk 0:01:49]} 31. Qe6 {[%clk 0:20:35]} 1-0

[Event "World Chess Olympiad 2018"]
[Site "Batumi"]
[Date "2018.09.26"]
[Round "3"]
[Board "1"]
[WhiteFideId "13900048"]
[White "Bologan Victor"]
[BlackFideId "2285525"]
[Black "Anton Guijarro David"]
[Result "1/2-1/2"]
[LiveChessVersion "1.4.8"]
[BlackElo "2639"]
[WhiteElo "2580"]

1. d4 {[%clk 1:30:57]} Nf6 {[%clk 1:30:42]} 2. c4 {[%clk 1:31:22]} e6
{[%clk 1:30:56]} 3. Nf3 {[%clk 1:31:34]} d5 {[%clk 1:30:44]} 4. Nc3
{[%clk 1:31:53]} dxc4 {[%clk 1:30:27]} 5. e3 {[%clk 1:30:59]} a6 {[%clk 1:29:32]}
6. a4 {[%clk 1:30:07]} b6 {[%clk 1:27:32]} 7. Bxc4 {[%clk 1:30:29]} Bb7
{[%clk 1:27:48]} 8. O-O {[%clk 1:30:39]} Bb4 {[%clk 1:23:17]} 9. Qb3
{[%clk 1:26:30]} Bxc3 {[%clk 1:10:07]} 10. bxc3 {[%clk 1:26:24]} Bxf3
{[%clk 1:10:19]} 11. gxf3 {[%clk 1:26:43]} O-O {[%clk 1:10:33]} 12. Be2
{[%clk 1:22:05]} Nc6 {[%clk 1:07:55]} 13. Ba3 {[%clk 1:11:03]} Re8
{[%clk 1:05:36]} 14. Rad1 {[%clk 1:10:40]} Na5 {[%clk 1:00:51]} 15. Qc2
{[%clk 1:09:07]} Qc8 {[%clk 0:59:22]} 16. Kh1 {[%clk 1:07:46]} c5
{[%clk 0:56:38]} 17. dxc5 {[%clk 1:00:24]} bxc5 {[%clk 0:56:20]} 18. Rg1
{[%clk 1:00:44]} Qc6 {[%clk 0:47:52]} 19. Rg5 {[%clk 0:58:33]} e5
{[%clk 0:46:56]} 20. Rdg1 {[%clk 0:56:55]} g6 {[%clk 0:46:59]} 21. c4
{[%clk 0:56:09]} Re6 {[%clk 0:43:52]} 22. Bb2 {[%clk 0:52:27]} Rae8
{[%clk 0:42:32]} 23. Bc3 {[%clk 0:51:08]} Qc7 {[%clk 0:36:26]} 24. Bf1
{[%clk 0:46:09]} Nc6 {[%clk 0:34:41]} 25. Bh3 {[%clk 0:43:33]} Rd6
{[%clk 0:32:19]} 26. Qb2 {[%clk 0:39:14]} Rdd8 {[%clk 0:31:18]} 27. Bg2
{[%clk 0:37:14]} Rb8 {[%clk 0:25:20]} 28. Qa1 {[%clk 0:34:37]} h6
{[%clk 0:24:21]} 29. Rg3 {[%clk 0:32:39]} Nb4 {[%clk 0:24:38]} 30. f4
{[%clk 0:19:59]} Nd3 {[%clk 0:20:25]} 31. Qf1 {[%clk 0:18:54]} Red8
{[%clk 0:15:49]} 32. fxe5 {[%clk 0:12:38]} Nxe5 {[%clk 0:12:49]} 33. f4
{[%clk 0:10:39]} Neg4 {[%clk 0:12:37]} 34. Qe2 {[%clk 0:06:20]} Rb3
{[%clk 0:04:21]} 35. Ba1 {[%clk 0:06:32]} Rxe3 {[%clk 0:00:59]} 36. Rxe3
{[%clk 0:06:55]} Qxf4 {[%clk 0:01:25]} 37. Bd5 {[%clk 0:05:03]} Nf2+
{[%clk 0:00:46]} 38. Kg2 {[%clk 0:04:44]} N2g4 {[%clk 0:01:02]} 39. Bxf6
{[%clk 0:01:13]} Nxe3+ {[%clk 0:00:49]} 40. Qxe3 {[%clk 0:30:59]} Qxe3
{[%clk 0:31:03]} 41. Bxd8 {[%clk 0:31:23]} Qe2+ {[%clk 0:29:59]} 42. Kh1
{[%clk 0:31:23]} Kg7 {[%clk 0:29:10]} 43. Bh4 {[%clk 0:26:43]} g5
{[%clk 0:25:33]} 44. Bg3 {[%clk 0:26:58]} Kg6 {[%clk 0:24:35]} 45. Re1
{[%clk 0:18:09]} Qd2 {[%clk 0:20:38]} 46. Kg1 {[%clk 0:16:03]} a5
{[%clk 0:16:58]} 47. Bf2 {[%clk 0:11:49]} f6 {[%clk 0:17:18]} 48. Rf1
{[%clk 0:05:44]} Qb4 {[%clk 0:14:13]} 49. Be1 {[%clk 0:04:52]} Qxa4
{[%clk 0:13:23]} 50. Bc3 {[%clk 0:05:16]} f5 {[%clk 0:12:17]} 51. Ra1
{[%clk 0:05:14]} Qb3 {[%clk 0:10:58]} 52. Bxa5 {[%clk 0:05:38]} Qe3+
{[%clk 0:09:50]} 53. Kh1 {[%clk 0:05:21]} f4 {[%clk 0:08:57]} 54. Re1
{[%clk 0:05:33]} Qf2 {[%clk 0:08:54]} 55. Be4+ {[%clk 0:05:24]} Kh5
{[%clk 0:08:14]} 56. Bd5 {[%clk 0:01:27]} Kg6 {[%clk 0:06:21]} 57. Be4+
{[%clk 0:01:46]} Kh5 {[%clk 0:06:46]} 58. Bd5 {[%clk 0:02:12]} 1/2-1/2